| 000 | 00478nam a2200181Ia 4500 | ||
|---|---|---|---|
| 001 | 13993 | ||
| 005 | 20260306164841.0 | ||
| 008 | 260306t1998||||xx |||||||||||||| ||spa|| | ||
| 041 | _aESP | ||
| 082 |
_a005.746 _bG43 |
||
| 100 |
_aGibson, Jerry D. ... [et al.]. _eAUT |
||
| 245 | 0 |
_aDigital comprenssion for multimedia: _bprinciples and standards |
|
| 260 | _c1998 | ||
| 300 |
_axvii, 476 páginas : _c26 cm. |
||
| 650 | _aGEN | ||
| 654 | _aCCC | ||
| 942 |
_cLIB _dJUS _fJUS _2ddc _n |
||
| 999 |
_c13993 _d13993 |
||